[Event "Gothenburg Kvibergspelen"]
[Site "Gothenburg"]
[Date "2023.09.16"]
[Round "6"]
[White "Poley, Vladimir"]
[Black "Stenman, Christoffer"]
[Result "1-0"]
[WhiteElo "2284"]
[BlackElo "1896"]
[PlyCount "73"]
[EventDate "2023.09.15"]
[EventType "swiss"]
[EventRounds "8"]
[EventCountry "SWE"]
[SourceTitle "EXT 2024"]
[Source "ChessBase"]
[SourceDate "2023.10.10"]
[SourceVersion "1"]
[SourceVersionDate "2023.10.10"]
[SourceQuality "1"]

1. b4 c6 2. e3 Nf6 3. Nf3 d5 4. Bb2 Bg4 5. h3 Bxf3 6. Qxf3 Nbd7 7. c4 e6 8. b5 Be7 9. Be2 0-0 10. 0-0 cxb5 11. cxd5 Nxd5 12. e4 Nb4 13. a3 Nc6 14. Bxb5 Qb6 15. Nc3 Nd4 16. Qg3 Nf6 17. e5 Qxb5 18. Nxb5 Ne2+ 19. Kh2 Nxg3 20. fxg3 Ne4 21. d3 Nc5 22. Rf3 Na4 23. Bc1 a6 24. Nd4 Rac8 25. Bd2 Rfd8 26. Nb3 Rc2 27. Raf1 Rf8 28. Bb4 Bxb4 29. axb4 Rb2 30. Nd4 f5 31. Nxe6 Re8 32. Rxf5 h6 33. Rf8+ Rxf8 34. Rxf8+ Kh7 35. Rb8 Re2 36. Nf8+ Kg8 37. e6 1-0

[Event "Gothenburg Kvibergspelen"]
[Site "Gothenburg"]
[Date "2023.09.15"]
[Round "4"]
[White "Nordenbaek, Jan"]
[Black "Stenman, Christoffer"]
[Result "0-1"]
[WhiteElo "2163"]
[BlackElo "1896"]
[PlyCount "48"]
[EventDate "2023.09.15"]
[EventType "swiss"]
[EventRounds "8"]
[EventCountry "SWE"]
[SourceTitle "EXT 2024"]
[Source "ChessBase"]
[SourceDate "2023.10.10"]
[SourceVersion "1"]
[SourceVersionDate "2023.10.10"]
[SourceQuality "1"]

1. e4 c5 2. Nf3 Nc6 3. Nc3 g6 4. d4 cxd4 5. Nxd4 Bg7 6. Be3 d6 7. Qd2 Nf6 8. f3 0-0 9. g4 Nxd4 10. Bxd4 Be6 11. 0-0-0 Nd7 12. Bxg7 Kxg7 13. h4 h6 14. Be2 Qa5 15. a3 Rfc8 16. f4 f6 17. g5 hxg5 18. hxg5 fxg5 19. f5 Bf7 20. Qxg5 Rh8 21. Qxe7 Rxh1 22. Rxh1 Ne5 23. fxg6 Nxg6 24. Bc4 Nxe7 0-1

[Event "Gothenburg Kvibergspelen 09"]
[Site "Gothenburg"]
[Date "2019.09.27"]
[Round "1"]
[White "Stenman, Christoffer"]
[Black "Hector, Jonny"]
[Result "0-1"]
[WhiteElo "1943"]
[BlackElo "2477"]
[PlyCount "50"]
[EventDate "2019.09.27"]
[EventType "swiss"]
[EventRounds "8"]
[EventCountry "SWE"]
[SourceTitle "EXT 2020"]
[Source "ChessBase"]
[SourceDate "2019.10.17"]
[SourceVersion "1"]
[SourceVersionDate "2019.10.17"]
[SourceQuality "1"]

1. e4 e5 2. Nf3 Nc6 3. Bc4 Nf6 4. d4 exd4 5. 0-0 Nxe4 6. Re1 d5 7. Bxd5 Qxd5 8. Nc3 Qd7 9. Nxe4 Be7 10. Bg5 0-0 11. Bxe7 Qxe7 12. Nxd4 Bd7 13. Nb5 Be6 14. Qh5 h6 15. Re3 a6 16. Nbc3 Nd4 17. Rg3 f5 18. Nd2 Rad8 19. Nb3 Nxc2 20. Rc1 f4 21. Rf3 Bxb3 22. axb3 Nd4 23. Rh3 f3 24. gxf3 Rf5 25. Qh4 Nxf3+ 0-1

[Event "SWE Cup rapid"]
[Site "Linkoping"]
[Date "2018.09.09"]
[Round "8.7"]
[White "Sundin, Emanuel"]
[Black "Stenman, Christoffer"]
[Result "0-1"]
[WhiteElo "2169"]
[BlackElo "1983"]
[PlyCount "104"]
[EventDate "2018.09.07"]
[EventType "team-swiss (rapid)"]
[EventRounds "9"]
[EventCountry "SWE"]
[SourceTitle "CBM 186 Extra"]
[Source "ChessBase"]
[SourceDate "2018.08.24"]
[SourceVersion "1"]
[SourceVersionDate "2018.08.24"]
[SourceQuality "1"]
[WhiteTeam "Gnarps"]
[BlackTeam "Norrkoping Schack 08"]
[WhiteTeamCountry "SWE"]
[BlackTeamCountry "SWE"]

1. e4 c5 2. d4 cxd4 3. c3 Nf6 4. e5 Nd5 5. Nf3 e6 6. cxd4 d6 7. a3 a6 8. Bd3 Nc6 9. 0-0 Be7 10. exd6 Qxd6 11. Nc3 Nxc3 12. bxc3 b5 13. Ng5 Bb7 14. Ne4 Qd5 15. Re1 0-0 16. f3 Na5 17. Bc2 Rac8 18. Qd3 f5 19. Nd2 Rf6 20. Re5 Qc6 21. Bb2 Bd6 22. Re2 Rh6 23. h3 Bb8 24. Nb3 Nc4 25. Bc1 Rg6 26. Nc5 Qd6 27. f4 Ba8 28. Qd1 Qc6 29. Qf1 Rf8 30. a4 Rff6 31. axb5 axb5 32. Rxa8 Qxa8 33. Bb3 Qc6 34. Ra2 Rg3 35. Bd1 Rfg6 36. Kh2 Ne3 37. Bxe3 Rxe3 38. Bf3 Bxf4+ 39. Kh1 Qb6 40. Ra8+ Kf7 41. Bh5 Bd6 42. Bxg6+ hxg6 43. Nd3 Qb7 44. Ra2 Rxh3+ 45. Kg1 Rg3 46. Ne5+ Bxe5 47. dxe5 Rxc3 48. Qf2 Rc7 49. Qg3 b4 50. Rb2 Rc4 51. Qd3 Qd5 52. Qe3 Qd4 0-1

[Event "Gothenburg op"]
[Site "Gothenburg"]
[Date "2017.08.19"]
[Round "6"]
[White "Stenman, Christoffer"]
[Black "Hattab, Hashim"]
[Result "0-1"]
[WhiteElo "1934"]
[BlackElo "1885"]
[PlyCount "88"]
[EventDate "2017.08.18"]
[EventType "swiss"]
[EventRounds "8"]
[EventCountry "SWE"]
[SourceTitle "CBM 180 Extra"]
[Source "ChessBase"]
[SourceDate "2017.10.06"]
[SourceVersion "1"]
[SourceVersionDate "2017.10.06"]
[SourceQuality "1"]

1. e4 d6 2. d4 Nf6 3. Nc3 g6 4. f4 Bg7 5. Nf3 0-0 6. h3 c5 7. Be3 cxd4 8. Nxd4 Nc6 9. Qd2 Bd7 10. Be2 a6 11. a4 e5 12. Nb3 Nb4 13. fxe5 dxe5 14. Bc5 a5 15. Bxf8 Qxf8 16. g4 Bc6 17. Bf3 Rd8 18. Qg2 b6 19. 0-0 Qe7 20. Rad1 Re8 21. Nb5 Bxb5 22. axb5 a4 23. Nc1 Qc5+ 24. Kh1 Qxb5 25. c3 Nc6 26. g5 Nh5 27. Bxh5 gxh5 28. Rd7 Ne7 29. Rfd1 Ng6 30. Qe2 Qc6 31. R1d6 Qa8 32. Qc4 Rf8 33. Rxb6 a3 34. b4 Qa4 35. Rd2 Qa7 36. Qa6 Qe7 37. Rg2 Nf4 38. Rg3 h4 39. Rg4 Rd8 40. Rxf4 exf4 41. Qe2 Qxg5 42. Ra6 f3 43. Qc2 Rd1+ 44. Qxd1 Qg2# 0-1

[Event "Deltalift op"]
[Site "Tylosand"]
[Date "2015.05.14"]
[Round "1"]
[White "Stenman, Christoffer"]
[Black "Jepson, Christian"]
[Result "0-1"]
[WhiteElo "1901"]
[BlackElo "2417"]
[PlyCount "32"]
[EventDate "2015.05.14"]
[EventType "swiss"]
[EventRounds "8"]
[EventCountry "SWE"]
[SourceTitle "CBM 166 Extra"]
[Source "ChessBase"]
[SourceDate "2015.06.18"]
[SourceVersion "1"]
[SourceVersionDate "2015.06.18"]
[SourceQuality "1"]

1. e4 e5 2. Nf3 Nc6 3. d4 exd4 4. Bc4 Nf6 5. 0-0 Nxe4 6. Re1 d5 7. Bxd5 Qxd5 8. Nc3 Qh5 9. Nxe4 Be6 10. Bg5 Bd6 11. Nxd6+ cxd6 12. Bf4 Qd5 13. c3 Kd7 14. Nxd4 Nxd4 15. cxd4 g5 16. Qa4+ b5 0-1

[Event "SWE-chT2 1314"]
[Site "Sweden"]
[Date "2014.01.19"]
[Round "5"]
[White "Stenman, Christoffer"]
[Black "Jansson, Anders Owen"]
[Result "1-0"]
[WhiteElo "1931"]
[BlackElo "2123"]
[PlyCount "135"]
[EventDate "2013.11.22"]
[EventType "team-tourn"]
[EventRounds "9"]
[EventCountry "SWE"]
[SourceTitle "EXT 2015"]
[Source "ChessBase"]
[SourceDate "2014.11.20"]
[SourceVersion "1"]
[SourceVersionDate "2014.11.20"]
[SourceQuality "1"]
[WhiteTeam "Norrkoping Schack 08"]
[BlackTeam "Sollentuna"]
[WhiteTeamCountry "SWE"]
[BlackTeamCountry "SWE"]

1. e4 c5 2. Nc3 Nc6 3. g3 g6 4. Bg2 Bg7 5. d3 d6 6. f4 e6 7. Nf3 Nge7 8. 0-0 0-0 9. Be3 b6 10. d4 d5 11. exd5 exd5 12. Bf2 Ba6 13. Re1 Qd6 14. dxc5 bxc5 15. Ne4 Qc7 16. Nxc5 Bc8 17. c3 Rb8 18. Re2 Qd8 19. Nb3 Bg4 20. h3 Bf5 21. Nfd4 Bd7 22. Nxc6 Bxc6 23. Bxa7 Rb7 24. Bd4 Bb5 25. Rd2 Bc4 26. Nc5 Rc7 27. b3 Bb5 28. Bxg7 Kxg7 29. b4 Qd6 30. a4 Bc4 31. Nd3 Nf5 32. g4 Ne3 33. Qf3 d4 34. Ne5 Bd5 35. Qf2 Nxg2 36. Rxd4 Qe6 37. c4 Ba8 38. c5 Rb8 39. Rd6 Qb3 40. b5 Qb4 41. Nd3 Qc3 42. Rc1 Qa3 43. Qd4+ Kg8 44. c6 Nh4 45. Rd8+ Rxd8 46. Qxd8+ Kg7 47. Qxc7 Qxd3 48. Qe5+ Kg8 49. Qc3 Qe4 50. Rc2 Nf3+ 51. Kf2 Nd4 52. Rb2 Qxf4+ 53. Ke1 Qe4+ 54. Kd1 Qh1+ 55. Kd2 Ne6 56. Rb4 Qg2+ 57. Kc1 Qf1+ 58. Kb2 Qe2+ 59. Ka3 Nc7 60. Rd4 Qe7+ 61. Kb2 Ne6 62. Rd7 Qh4 63. c7 Bb7 64. c8Q+ Bxc8 65. Qxc8+ Kg7 66. Qc3+ Kg8 67. Qf3 Ng5 68. Qf6 1-0

[Event "SWE-chT2 1314"]
[Site "Sweden"]
[Date "2014.01.18"]
[Round "4"]
[White "Holmquist, Gunnar"]
[Black "Stenman, Christoffer"]
[Result "1-0"]
[WhiteElo "2077"]
[BlackElo "1931"]
[PlyCount "67"]
[EventDate "2013.11.22"]
[EventType "team-tourn"]
[EventRounds "9"]
[EventCountry "SWE"]
[SourceTitle "EXT 2015"]
[Source "ChessBase"]
[SourceDate "2014.11.20"]
[SourceVersion "1"]
[SourceVersionDate "2014.11.20"]
[SourceQuality "1"]
[WhiteTeam "Kungstornet"]
[BlackTeam "Norrkoping Schack 08"]
[WhiteTeamCountry "SWE"]
[BlackTeamCountry "SWE"]

1. Nf3 c5 2. c4 d6 3. d4 cxd4 4. Nxd4 g6 5. g3 Nc6 6. Bg2 Bd7 7. Nc3 Bg7 8. e3 Nf6 9. 0-0 Qc8 10. Re1 Bh3 11. Bh1 h5 12. Nxc6 bxc6 13. Qa4 Bd7 14. c5 h4 15. e4 hxg3 16. hxg3 Rxh1+ 17. Kxh1 Ng4 18. Qc2 Bd4 19. Nd1 Bxc5 20. b4 Bb6 21. f3 Ne5 22. Qe2 Kd8 23. Be3 Kc7 24. Nf2 Be6 25. Rac1 Bxe3 26. Qxe3 Qh8+ 27. Kg2 Qf6 28. Qc3 Nc4 29. e5 Qf5 30. exd6+ exd6 31. Rxe6 Qxe6 32. Qxc4 d5 33. Qa6 Rb8 34. b5 1-0

[Event "SWE-chT2 1314"]
[Site "Sweden"]
[Date "2014.01.17"]
[Round "6"]
[White "Wallgren, Ulf"]
[Black "Stenman, Christoffer"]
[Result "1-0"]
[WhiteElo "2074"]
[BlackElo "1931"]
[PlyCount "59"]
[EventDate "2013.11.22"]
[EventType "team-tourn"]
[EventRounds "9"]
[EventCountry "SWE"]
[SourceTitle "EXT 2015"]
[Source "ChessBase"]
[SourceDate "2014.11.20"]
[SourceVersion "1"]
[SourceVersionDate "2014.11.20"]
[SourceQuality "1"]
[WhiteTeam "Solna"]
[BlackTeam "Norrkoping Schack 08"]
[WhiteTeamCountry "SWE"]
[BlackTeamCountry "SWE"]

1. d4 Nf6 2. c4 e5 3. dxe5 Ng4 4. e3 Nxe5 5. f4 Nec6 6. Nf3 Bc5 7. a3 a5 8. Nc3 d6 9. Bd3 h6 10. 0-0 0-0 11. Kh1 Na6 12. Bd2 Ba7 13. Bc2 Re8 14. Nd5 Bd7 15. b4 axb4 16. axb4 Ne7 17. e4 c6 18. Nxe7+ Qxe7 19. Bc3 Nc7 20. Rxa7 Rxa7 21. Qd4 Qf6 22. e5 c5 23. bxc5 dxe5 24. Qxd7 Qd8 25. Qg4 Qc8 26. Bf5 Ne6 27. Bxe5 g6 28. Bxg6 fxg6 29. Qxg6+ Kf8 30. Bd6+ 1-0

[Event "SWE-chT2 0809"]
[Site "Sweden"]
[Date "2008.10.25"]
[Round "1"]
[White "Stenman, Christoffer"]
[Black "Harren, Mats"]
[Result "0-1"]
[WhiteElo "1901"]
[BlackElo "2083"]
[PlyCount "120"]
[EventDate "2008.10.25"]
[EventType "team-tourn"]
[EventRounds "9"]
[EventCountry "SWE"]
[SourceTitle "EXT 2011"]
[Source "ChessBase"]
[SourceDate "2010.11.26"]
[SourceVersion "1"]
[SourceVersionDate "2010.11.26"]
[SourceQuality "1"]

1. e4 d6 2. d4 Nf6 3. Nc3 Nbd7 4. Bc4 e5 5. Nge2 c6 6. a4 b6 7. 0-0 Bb7 8. f3 a6 9. d5 b5 10. dxc6 bxc4 11. cxb7 Qb6+ 12. Kh1 Qxb7 13. a5 Be7 14. Nd5 Nxd5 15. Qxd5 Qxd5 16. exd5 0-0 17. Nc3 Rfc8 18. Be3 Rab8 19. Rfb1 f5 20. Ra3 Bd8 21. Kg1 h6 22. Kf2 Bg5 23. Bxg5 hxg5 24. Nd1 g6 25. Nc3 Rc5 26. b4 cxb3 27. Raxb3 Rxb3 28. Rxb3 Rxa5 29. Rb7 Nf6 30. Rb6 Nxd5 31. Nxd5 Rxd5 32. Rxa6 Kf7 33. c4 Rd2+ 34. Kg3 Rd4 35. Rc6 g4 36. h3 gxf3 37. Kxf3 Ke6 38. c5 Kd7 39. Ra6 g5 40. cxd6 Rxd6 41. Ra3 Ke6 42. Ke3 Kf6 43. Ra8 f4+ 44. Kf3 Rd3+ 45. Kf2 Kf5 46. Rf8+ Ke4 47. Ra8 Rd2+ 48. Kf1 Ke3 49. Kg1 Rd1+ 50. Kh2 e4 51. Ra5 Kd2 52. Rxg5 e3 53. Rd5+ Ke1 54. Rf5 Rd4 55. h4 Kf2 56. Kh3 e2 57. Re5 Rd3+ 58. Kg4 Re3 59. Kxf4 e1Q 60. Rxe3 Qxe3+ 0-1